[Event "Andalucia-chB"]
[Site "Algeciras"]
[Date "2018.05.20"]
[Round "5"]
[White "Ferrete Rueda, Juan Carlos"]
[Black "Moreno Bello, Miguel"]
[Result "1-0"]
[WhiteElo "1772"]
[BlackElo "1544"]
[PlyCount "59"]
[EventDate "2018.05.18"]
[EventType "swiss"]
[EventRounds "6"]
[EventCountry "ESP"]
[SourceTitle "EXT 2020"]
[Source "ChessBase"]
[SourceDate "2019.10.17"]
[SourceVersion "1"]
[SourceVersionDate "2019.10.17"]
[SourceQuality "1"]

1. e4 e5 2. Nf3 f5 3. Nxe5 Nc6 4. Qh5+ g6 5. Nxg6 Nf6 6. Qh3 hxg6 7. Qxh8 d5 8. Bb5 Kf7 9. Bxc6 bxc6 10. e5 Nh5 11. 0-0 Qe7 12. e6+ Qxe6 13. Qc3 Bd6 14. d4 Qf6 15. Nd2 Nf4 16. Re1 Qg5 17. g3 Ba6 18. Nf3 Qg4 19. Bxf4 Bxf4 20. Ne5+ Bxe5 21. Rxe5 f4 22. Rae1 Bc4 23. b3 fxg3 24. Qxg3 Qxg3+ 25. fxg3 Ba6 26. Re7+ Kf6 27. Rxc7 Bc8 28. Re8 Bb7 29. Rxa8 Bxa8 30. Rxa7 1-0

[Event "Almeria Sola Memorial-B 2nd"]
[Site "Almeria"]
[Date "2015.12.19"]
[Round "6"]
[White "Moreno Bello, Miguel"]
[Black "Wang Qiu, Jorge"]
[Result "1-0"]
[WhiteElo "1710"]
[BlackElo "1682"]
[PlyCount "43"]
[EventDate "2015.12.18"]
[EventType "swiss"]
[EventRounds "7"]
[EventCountry "ESP"]
[SourceTitle "CBM 170 Extra"]
[Source "ChessBase"]
[SourceDate "2016.02.25"]
[SourceVersion "1"]
[SourceVersionDate "2016.02.25"]
[SourceQuality "1"]

1. a3 e5 2. e4 Nc6 3. Bc4 Bc5 4. b4 Bb6 5. Nf3 Nf6 6. d3 0-0 7. Nc3 d6 8. Bg5 Bg4 9. Nd5 h6 10. Nxf6+ gxf6 11. Bxh6 Re8 12. h3 Bh5 13. g4 Bg6 14. Nh4 Bd4 15. Nxg6 Kh7 16. Bxf7 Bc3+ 17. Kf1 Kxh6 18. g5+ fxg5 19. h4 Kg7 20. Qh5 Kxf7 21. Nh8+ Ke6 22. Qf7# 1-0

[Event "Almeria Sola Memorial-B 2nd"]
[Site "Almeria"]
[Date "2015.12.18"]
[Round "2"]
[White "Moreno Bello, Miguel"]
[Black "Andres Zamorano, Cayo"]
[Result "1-0"]
[WhiteElo "1710"]
[BlackElo "1604"]
[PlyCount "93"]
[EventDate "2015.12.18"]
[EventType "swiss"]
[EventRounds "7"]
[EventCountry "ESP"]
[SourceTitle "CBM 170 Extra"]
[Source "ChessBase"]
[SourceDate "2016.02.25"]
[SourceVersion "1"]
[SourceVersionDate "2016.02.25"]
[SourceQuality "1"]

1. a3 Nf6 2. Nc3 e6 3. e4 d6 4. d4 Be7 5. Be3 0-0 6. g4 e5 7. Be2 exd4 8. Bxd4 Nc6 9. Be3 Ne5 10. h3 Be6 11. g5 Nfd7 12. f4 Nc4 13. Bf2 Bxg5 14. Bxc4 Bxc4 15. fxg5 Qxg5 16. Nf3 Qf4 17. Rg1 Ne5 18. Nxe5 dxe5 19. Qg4 Qh6 20. Qg3 Rae8 21. Be3 Qg6 22. Qf2 Kh8 23. Rxg6 fxg6 24. Qg1 Rf3 25. 0-0-0 c6 26. h4 Ref8 27. Qe1 h6 28. b3 Be6 29. Kb2 Bg4 30. Qd2 Kh7 31. Rg1 Bh5 32. Bxa7 b5 33. Bc5 R8f7 34. Qd6 Rh3 35. Qe6 Rff3 36. Qxe5 Rxh4 37. Bd4 Rf6 38. Qe7 Rhf4 39. Bxf6 Rxf6 40. e5 Rf3 41. Rd1 g5 42. e6 Rxc3 43. Kxc3 Bxd1 44. Qf7 c5 45. e7 b4+ 46. axb4 cxb4+ 47. Kd4 1-0

[Event "Andalucia-ch Seniors"]
[Site "Almeria"]
[Date "2011.04.18"]
[Round "3.7"]
[White "Subirats Delhom, Juan"]
[Black "Moreno Bello, Miguel"]
[Result "1-0"]
[WhiteElo "1597"]
[BlackElo "1669"]
[PlyCount "57"]
[EventDate "2011.04.17"]
[EventType "swiss"]
[EventRounds "6"]
[EventCountry "ESP"]
[SourceTitle "EXT 2024"]
[Source "ChessBase"]
[SourceDate "2023.10.10"]
[SourceVersion "1"]
[SourceVersionDate "2023.10.10"]
[SourceQuality "1"]

1. d4 d5 2. Nf3 Nc6 3. Bf4 f6 4. e3 g5 5. Bg3 h5 6. h4 g4 7. Nfd2 Bf5 8. Bb5 Qd7 9. Nb3 e6 10. Bd3 Nh6 11. 0-0 0-0-0 12. Nc3 e5 13. Ne2 Bd6 14. c3 Rhg8 15. Qc2 Bxd3 16. Qxd3 Nf5 17. Qd2 Nxg3 18. fxg3 exd4 19. exd4 Rde8 20. Rxf6 Rxe2 21. Qxe2 Bxg3 22. Raf1 Bxh4 23. Rf8+ Rxf8 24. Rxf8+ Bd8 25. Nc5 Qh7 26. Qe6+ Kb8 27. Qf5 Qe7 28. Nd7+ Ka8 29. Ne5 1-0